| 000 | 00512nam a22001577a 4500 | ||
|---|---|---|---|
| 999 |
_c533592 _d533592 |
||
| 020 | _qHard Cover. | ||
| 082 | _a624.15 | ||
| 100 | _aTalha Bin Tahir | ||
| 245 |
_aShear behaviour of ordinary strength RC slender beams / _cTalha Bin Tahir. |
||
| 260 |
_aIslamabad: _bNICE - NUST, _c2016. |
||
| 300 |
_a119 p. : _bill. ; _c30cm. |
||
| 942 |
_2ddc _cTHE |
||
| 650 |
_aStructural Engineering MS-Thesis. _917039 |
||
| 700 |
_aDr. Khaliq ur Rashid kayani. _927524 |
||